01560nab a22002297a 4500003000400000005001700004008004100021040000700062245015800069260007300227300001300300500007200313505057800385505008900963650002901052650002301081650001401104650002101118650003101139650002701170773013301197OSt20251226225042.0190603e xxum|||| |||| 00| 0 spa d cPJ10aPluriparentalidad en la filiación por naturaleza. Diez años de tensiones entre vínculos jurídicos y afectividad /cMaría Magdalena Galli Fiant. cCiudad Autónoma de Buenos Aires :aThomson Reuters La Ley, b2025. ap. 39-48 aCita: TR LALEY AR/DOC/1772/2025 Publicado en: RCCyC 2025 (agosto). aSumario: I. Introducción: justificación de la elección del tema.— II. La regla del doble vínculo y la visión de la doctrina tras su incorporación.— III. El binarismo y la trascendencia de la voluntad en la filiación por naturaleza.— IV. Pluriparentalidad en la filiación por naturaleza: voces doctrinarias y avances de la jurisprudencia hacia su reconocimiento.— V. Ponemos en crisis los argumentos a favor de la pluriparentalidad.— VI. Dos sentencias de la Corte en materia de filiación y normas aplicables.— VII. Cierre: atreverse a pensar.  t¿Te interesa el texto completo? Solicitalo al correo: koha@justierradelfuego.gov.ar 0aCODIGO CIVIL Y COMERCIAL 0aDERECHO DE FAMILIA 0aFILIACION 0aADOPCIÓN PLENA 0aFILIACION EXTRAMATRIMONIAL 0aNULIDAD DE LA ADOPCION0 02713dCiudad Autónoma de Buenos Aires : Thomson Reuters La Ley, 2015-tRevista Código Civil y Comercial. Nº 4 - Agosto 2025